000 00699nam a2200289Ia 4500
005 20260324150328.0
008 008 260324s9999 xx 000 0 eng d
020 _a9781003361800
037 _aEBOOK
040 _aCRL
040 _beng
040 _cCRL
041 _2eng
041 _aeng
084 _qCRL
100 _aNatascha Würzbach
_91226051
245 4 _aThe Novel in Letters
245 0 _bEpistolary Fiction in the Early English Novel 1678-1740
260 _bTaylor and Francis
260 _c1969
365 _a
365 _b180
856 _uhttp://www.taylorfrancis.com/books/9781003361800
942 _cEBOOK
999 _c1835311
_d1835311